000 00433nab a2200145Ia 4500
003 ES-SlBCS
005 20210601130636.0
008 140529s2001 xxu||||| |||| 00| 0 fre d
041 _afre
100 1 _aLaugier, Sandra
_9165392
245 0 0 _aSchlick et le tournant de la philosophie
_c Sandra Laugier
600 1 4 _aSclick, Moritz
_9156157
773 0 _tLes Etudes Philosophiques
_gnº. 3, 2001, págs. 289-290
_wRev1449
942 _cAR
999 _c549983
_d549983